000 00684nam a22002411a 4500
003 AR-RoIUNI
005 20210826103714.0
008 050603s1993 sp |||||||||||||| ||spa
020 _a8471123150
040 _aAR-BaBN
_cIUNIR
080 _a159.9
100 1 _aStenhouse, Lawrence
245 1 3 _aLa investigación como base de la enseñanza
250 _a2a ed.
260 _aMadrid :
_bMorata,
_c1993.
300 _a183 p.
650 _aPsicología
_9108
930 1 _lBNA01
_mLIBRO
_600093858
_820110912
_f11
_n005
930 1 _lBNA01
_mLIBRO
_600093859
_820110912
_f11
_n001
942 _2cdu
_cBK
956 _aGSL
_b00
_c20110916
_lBNA01
_h0249
956 _aGSL
_c20130614
_lBNA01
_h2355
999 _c5263
_d5263